00634 2200205 4500001002100000005001700021008004100038035002500079082001500104090002600119100003800145245008300183250001100266260004600277300003000323650002700353850001200380990001800392990001800410YOGYA-0209000002317420150312105049.0 ind  a0010-020900000023174 a959.823021 aYog 959.823021bYog P aYOGYAKARTA. (Propinsi) Pusat Data aProduk domestik regional bruto Propinsi DIY 1979-1983cPusat data Propinsi DIY aCet. 1 aYogyakartabPusat Data Propinsi DIYc1984 axxi, 243 hlmbilusc24 cm aYogyakarta - Statistik aYOPDYOG a21177-PD/A.06 a21178-PD/A.06